| 000 | 00422nam a22001697a 4500 | ||
|---|---|---|---|
| 005 | 20160503112220.0 | ||
| 008 | 160503b xxu||||| |||| 00| 0 eng d | ||
| 020 | _a81-8598993-1 | ||
| 041 | _aeng | ||
| 082 | _b1186 | ||
| 100 |
_aBhatia R.C. _9400 |
||
| 245 | _aMarketing Communication and Advertising | ||
| 260 |
_aNew Delhi _bGalgotia Publ. Pvt. Ltd. _c2003 |
||
| 300 | _a389 | ||
| 650 |
_aManagement _9241 |
||
| 942 | _cBK | ||
| 999 |
_c474 _d474 |
||